Qui suis-je ? – Journal intime #5 - Statistiques

Statistiques générales
  • Ce quiz a été pris 44 fois
  • Le résultat moyen est 7 sur 10
Statistiques - réponses
Extraits du journal intime Personnage % Correct
L'album est terminé. Je ne sais pas encore ce qu'il va devenir — je sais juste qu'il n'y a rien eu de pareil avant. Quincy et moi avons travaillé jusqu'à 4h du matin. Le Moonwalk est venu d'un coup, devant le miroir. Je l'ai su tout de suite.
On me demande si je veux devenir blanc. C'est une question horrible. Je veux être un artiste. C'est tout ce que j'ai jamais voulu.
MTV ne voulait pas diffuser mes clips au début. Parce que je suis noir. Sony les a forcés. Voilà comment le monde fonctionne.
Neverland sera mon royaume. Un endroit où l'enfance ne finit jamais. Je n'ai pas eu d'enfance — je me la fabrique maintenant.
Michael Jackson
100%
Les gens pensent que je suis une bimbo en sous-vêtements. Ils confondent le costume et la personne. C'est mon erreur de ne pas les détromper — ou ma force.
Like a Virgin a été refusé par trois maisons de disques. Trop provocateur, disaient-ils. Je savais qu'ils avaient tort.
Je suis née à Bay City, Michigan. Fille d'un ingénieur. Personne n'aurait parié un dollar sur moi à 18 ans quand je suis arrivée à New York avec 35 dollars.
La religion est dans tout ce que je fais — même quand je la transgresse. Surtout quand je la transgresse. On me demande si je suis féministe. Je suis moi. C'est déjà un acte politique.
Madonna
90%
La première, c'était la main. Ils ne l'ont pas vue. Je savais, mais je n'ai rien dit. C'est la guerre, non ?
La deuxième — celle-là, elle m'appartient vraiment. Soixante mètres, cinq Anglais passés. Je ne me souviens de rien. Le corps sait.
Je viens du bidonville de Villa Fiorito. Quand j'avais le ballon, j'oubliais la faim. Maintenant j'oublie tout le reste.
L'Argentine, c'est ma peau. Pas ma fierté — ma peau. On ne peut pas m'enlever ça.
La poudre blanche commence à me parler. Je ne l'écoute pas encore. Ou peut-être que si.
Diego Maradona
85%
Le mur est tombé ce soir. Je regardais les images à la télévision comme tout le monde. Comme si ce n'était pas moi qui avais commencé tout ça.
La glasnost était une idée simple : la vérité, enfin. Je ne savais pas que la vérité pouvait aller si vite.
Raïssa était à côté de moi. Elle a dit : tu as changé le monde. J'ai répondu : ou je l'ai perdu. Les deux peut-être.
Reagan me regardait comme un adversaire au début. Puis quelque chose a changé entre nous. La peur s'est dissipée. C'est rare.
Le Parti ne me pardonnera pas. Peu importe. L'URSS ne peut pas continuer comme avant. Je le sais depuis Tchernobyl.
Mikhaïl Gorbatchev
77%
Les Malouines sont à nous. Toujours été à nous. Je vais les reprendre — les généraux disent que c'est impossible. Les généraux disent souvent n'importe quoi.
Les mineurs font grève. Arthur Scargill croit qu'il peut m'arrêter. Il ne connaît pas encore la mesure de sa propre erreur.
On m'appelle la Dame de Fer. Ils pensent que c'est une insulte. Je le prends comme un compliment.
Denis m'a dit ce soir que je travaille trop. Je lui ai répondu que si lui travaillait autant que moi, il comprendrait que ce n'est pas assez.
Je suis épicière d'origine. Mon père avait une boutique à Grantham. Les gens de gauche oublient toujours ça quand ils m'attaquent.
Margaret Thatcher
74%
Aujourd'hui à Monaco, je ne conduisais plus. Je regardais d'en haut. Il y avait moi et la voiture et le circuit — plus rien d'autre n'existait.
Prost est brillant. Froid, calculateur, brillant. Je le respecte et il me déteste. C'est un équilibre qui me convient.
Je suis brésilien et je cours pour le Brésil. Chaque victoire est pour les pauvres de mon pays — ceux qui regardent depuis des bidonvilles avec une télévision cassée.
La pluie est mon territoire. Personne ne sait conduire sous la pluie comme moi. C'est une question de foi.
Dieu me guide dans la voiture. Je le sens vraiment. Ce n'est pas une métaphore.
Ayrton Senna
69%
Quand la chanson est juste, je la sens dans le sternum avant de l'entendre. C'est toujours le signe que c'est bien.
Je suis fils d'immigrés juifs polonais. La France m'a tout donné. J'essaie de lui rendre quelque chose — en chansons, c'est tout ce que je sais faire.
On m'a proposé d'aller aux États-Unis. J'ai refusé. Ma langue est le français. Mon territoire est ce pays. Je n'ai pas besoin d'un autre.
Balavoine était une tornade. Depuis l'accident en janvier, le silence est différent. Certains silences pèsent plus que d'autres.
Chanter pour les Restos du cœur, c'est Coluche qui a eu l'idée. Moi j'ai juste composé. C'est peu. Mais c'est quelque chose.
Jean Jacques Goldman
69%
Le Macintosh a dit 'Bonjour' aujourd'hui à l'Auditorium Flint. La salle a applaudi. Moi j'ai failli pleurer — et je ne pleure jamais.
Woz a construit le premier. Moi j'ai compris ce qu'il fallait en faire. Ce n'est pas la même chose — les deux sont nécessaires.
Je suis adopté. Mes vrais parents m'ont abandonné à la naissance. J'ai mis des années à comprendre que ça m'a rendu libre — ou brisé. Les deux.
La pub Ridley Scott diffusée hier pendant le Super Bowl a coûté une fortune. Le conseil d'administration était contre. J'avais raison.
Sculley va me trahir. Je le sens. Il ne comprend pas que le produit passe avant le profit. Ça finira mal entre nous.
Steve Jobs
51%
On tourne dans le désert depuis trois semaines. Harrison est parfait — il incarne le personnage mieux que ce que j'avais dans la tête.
George avait l'idée depuis des années. Moi j'ai juste mis la caméra au bon endroit. C'est peut-être tout ce qu'un réalisateur fait.
J'ai grandi juif dans l'Amérique des années 50. L'exclusion, je la connais. Un jour je ferai un film là-dessus — mais pas encore. Pas encore.
Les Dents de la mer m'ont appris une chose : le monstre qu'on ne voit pas fait plus peur que celui qu'on voit.
Je n'ai pas de diplôme. Je me suis introduit dans les studios Universal à 17 ans. Voilà ma formation.
Steven Spielberg
46%
C'est fait. Vingt-trois ans d'opposition. Trois tentatives. Je ne savais pas si ce moment arriverait vraiment — et il est arrivé.
La rose est le symbole que j'ai choisi. Elle pousse dans la boue et regarde vers la lumière. C'est assez juste pour un socialiste.
On parle de la Résistance, de mon passé à Vichy. Je n'ai jamais dit toute la vérité là-dessus. Peut-être que je ne le ferai jamais.
Anne est là, dans l'ombre. Danielle aussi. Ma vie a deux paysages — le public et le secret. Je navigue entre les deux depuis toujours.
La gauche au pouvoir pour la première fois sous la Ve République. Je sais ce que ça veut dire pour les gens qui ont attendu.
François Mitterrand
36%
Aucun quiz correspondant
Distribution des résultats
% des personnes avec chaque résultat
Percentile par nombre de réponses
Votre historique - résultats
Vous n’avez pas pris ce quiz